000 00543nam a22001937a 4500
005 20150826105725.0
010 _aENG-113544
020 _c625.00
_a9351610497
020 _c625.00
_a9789351610496
035 _aEN- 97076
037 _bDBAD/PUB
082 _a003
245 _aOperations research /
_cby Kanti Swarup...[et al]
260 _aNew Delhi
_bSultan Chand
_c2015
270 _a23, Daryaganj,
_bNew Delhi
_e110002
300 _axvii,1074p.
_c25cm(pbk)
700 _aKanti Swarup
942 _2ddc
_cEN
_mOPE
_h003
999 _c95068
_d95068